Statystyki dla Państwa Europy wschodniej według PKB

Kliknij tutaj aby rozwiązać quiz!

Ogólne statystyki

  • Ten quiz został rozwiązany 153 razy
  • Średni wynik to 14 z 15

Statystyki odpowiedzi

PKBKraj% Poprawnych
594,2 miliarda USDpolska
100%
1,283 tryliarda USDrosja
99%
155,6 miliarda USDukraina
98%
60,26 miliarda USDbialorus
95%
31,03 miliarda USDestonia
95%
55,89 miliarda USDLitwa
95%
33,51 miliarda USDłotwa
94%
248,7 miliarda USDrumunia
93%
104,6 miliarda USDsłowacja
93%
155 miliardów USDwegry
90%
69,11 miliarda USDbulgaria
88%
11,91 miliarda USDmoldawia
83%
52,96 miliarda USDSerbia
82%
271,2 miliarda USDfinlandia
75%
189,4 miliarda USDgrecja
72%

Rozkład punktacji

Percentyl według liczby udzielonych odpowiedzi

Procent ludzi z każdym wynikiem

Twoja historia wyników

Nie rozwiązałeś tego quizu